000 00924nam a2200253 i 4500
001 bg
100 1 _aDarski, Józef
_d(1941- )
245 1 0 _aLinguistisches Analysemodell :
_bDefinitionen grundlegender grammatischer Begriffe /
_cJózef Darski ; Uniwersytet im. Adama Mickiewicza w Poznaniu.
250 _a2., völlig neu bearb. und erg. Aufl.
260 _aPoznań :
_bWydawnictwo Naukowe Uniwersytetu im. Adama Mickiewicza,
_c2004.
300 _a271 s. ;
_c24 cm.
504 _aBibliogr. s. 221-271.
650 9 _aGramatyka
_xteoria
650 9 _aJęzyk niemiecki
_xgramatyka
015 _aPB 16897/2005
020 _a8323214298
040 _cBPK
041 0 _ager
080 _a811.112.2'36
920 _a83-232-1429-8
942 _cKS
008 s pl f |000 0 pol
999 _c51968
_d51968